[Event "Titled Tuesday intern op 06th Oct"]
[Site "Chess.com INT"]
[Date "2020.10.06"]
[Round "6"]
[White "Boskovic, Drasko"]
[Black "Larson, Matthew W"]
[Result "0-1"]
[WhiteElo "2453"]
[BlackElo "2375"]
[PlyCount "112"]
[EventDate "2020.10.06"]
[EventType "swiss (blitz)"]
[EventRounds "10"]
[EventCountry "USA"]
[SourceTitle "CBM 198 Extra"]
[Source "ChessBase"]
[SourceDate "2020.11.30"]
[SourceVersion "1"]
[SourceVersionDate "2020.11.30"]
[SourceQuality "1"]

1. e4 c5 2. Nf3 d6 3. Bc4 Nf6 4. d3 Nc6 5. c3 a6 6. Bb3 e5 7. 0-0 Be7 8. h3 0-0 9. Re1 Re8 10. Nbd2 Bf8 11. Nf1 d5 12. exd5 Nxd5 13. Ng3 Qd6 14. Ne4 Qd8 15. Bg5 f6 16. Be3 b6 17. a4 Be6 18. d4 exd4 19. cxd4 cxd4 20. Nxd4 Nxd4 21. Bxd4 Kh8 22. Ng3 Qd6 23. Ne4 Qd7 24. Qf3 Rad8 25. Rad1 Qf7 26. Ng3 Nb4 27. Bxe6 Rxe6 28. Bc3 Rxe1+ 29. Rxe1 a5 30. Nf5 Bc5 31. Re2 Qc7 32. g3 Qc6 33. Kg2 Qxf3+ 34. Kxf3 Kg8 35. h4 Kf7 36. h5 Rd3+ 37. Kg2 Nd5 38. Bd2 Rb3 39. Bc1 Nb4 40. Ne3 Nd3 41. Bd2 Rxb2 42. Nc4 Ra2 43. Kf3 Rxa4 44. Ne3 Ne5+ 45. Kg2 Ra2 46. Kf1 a4 47. Bc3 Rxe2 48. Kxe2 Nc6 49. Ba1 b5 50. Nd5 b4 51. Kd3 Ke6 52. Kc4 Bd6 53. Nb6 a3 54. Kb3 Na5+ 55. Ka4 b3 56. Kxa5 b2 0-1

[Event "Titled Tuesday intern op 06th Oct"]
[Site "Chess.com INT"]
[Date "2020.10.06"]
[Round "2"]
[White "Ramasindraibe, Girard"]
[Black "Larson, Matthew W"]
[Result "0-1"]
[WhiteElo "2146"]
[BlackElo "2375"]
[PlyCount "80"]
[EventDate "2020.10.06"]
[EventType "swiss (blitz)"]
[EventRounds "10"]
[EventCountry "USA"]
[SourceTitle "CBM 198 Extra"]
[Source "ChessBase"]
[SourceDate "2020.11.30"]
[SourceVersion "1"]
[SourceVersionDate "2020.11.30"]
[SourceQuality "1"]

1. e4 c5 2. Nc3 a6 3. g4 b5 4. Bg2 Bb7 5. d3 e6 6. Be3 b4 7. Nce2 d5 8. exd5 Nf6 9. g5 Nxd5 10. Qd2 Nc6 11. 0-0-0 Be7 12. h4 b3 13. axb3 Ncb4 14. Kb1 Qa5 15. Nc1 0-0 16. Nge2 Nxe3 17. Bxb7 Nexc2 18. Qxc2 Nxc2 19. Kxc2 Rab8 20. Be4 f5 21. gxf6 Bxf6 22. f3 Qa1 23. Nc3 Qa5 24. h5 Rfc8 25. Rhg1 Rd8 26. Rg4 c4 27. dxc4 Rxd1 28. Nxd1 Qxh5 29. Nd3 Qh2+ 30. Kc1 Rd8 31. N1f2 Bd4 32. Nd1 Qe2 33. Rh4 Be3+ 34. Nxe3 Qxe3+ 35. Kc2 Qe2+ 36. Kc3 Rxd3+ 37. Bxd3 Qe1+ 38. Kc2 Qxh4 39. b4 Qd4 40. Be2 h5 0-1

[Event "Chicago op 27th"]
[Site "Chicago"]
[Date "2018.05.26"]
[Round "4"]
[White "Nyzhnyk, Illya"]
[Black "Larson, Matthew W"]
[Result "0-1"]
[WhiteElo "2618"]
[BlackElo "2379"]
[PlyCount "52"]
[EventDate "2018.05.24"]
[EventType "swiss"]
[EventRounds "9"]
[EventCountry "USA"]
[SourceTitle "CBM 184 Extra"]
[Source "ChessBase"]
[SourceDate "2018.06.28"]
[SourceVersion "1"]
[SourceVersionDate "2018.06.28"]
[SourceQuality "1"]

1. b3 e5 2. Bb2 Nc6 3. e3 Nf6 4. Bb5 Bd6 5. Na3 e4 6. Nc4 Be7 7. Bxc6 bxc6 8. Ne2 0-0 9. d3 d5 10. Nd2 exd3 11. cxd3 Bd6 12. Rc1 Bd7 13. Bd4 Re8 14. Qc2 a5 15. 0-0 a4 16. bxa4 Ng4 17. h3 Nh6 18. e4 f5 19. Rfe1 fxe4 20. dxe4 Qg5 21. f4 Qh5 22. e5 Ba3 23. Rcd1 Nf5 24. Bf2 Qg6 25. Rb1 c5 26. Bxc5 Nh4 0-1

[Event "Titled Tuesday intern op 17th April"]
[Site "Chess.com INT"]
[Date "2018.04.17"]
[Round "7"]
[White "Bryakin, Mikhail"]
[Black "Larson, Matthew W"]
[Result "1-0"]
[WhiteElo "2387"]
[BlackElo "2383"]
[PlyCount "167"]
[EventDate "2018.04.17"]
[EventType "swiss (blitz)"]
[EventRounds "10"]
[EventCountry "USA"]
[SourceTitle "EXT 2021"]
[Source "ChessBase"]
[SourceDate "2020.10.23"]
[SourceVersion "1"]
[SourceVersionDate "2020.10.23"]
[SourceQuality "1"]

1. e4 e5 2. Nf3 Nc6 3. Bc4 Bc5 4. 0-0 Nf6 5. d3 0-0 6. Be3 Bxe3 7. fxe3 d6 8. a3 Be6 9. Nbd2 Bxc4 10. Nxc4 a5 11. a4 Ne7 12. Qe1 b6 13. Qg3 Ng6 14. Rf2 Qd7 15. b3 Qg4 16. Qxg4 Nxg4 17. Re2 Nf6 18. Ree1 Rfe8 19. Nfd2 h6 20. Na3 Nf8 21. Nb5 Ne6 22. Nc4 Re7 23. Kf1 g6 24. Ke2 Kg7 25. Rf1 h5 26. Nc3 Nd7 27. Nd5 Ree8 28. Rf2 Rf8 29. Raf1 Rae8 30. Kd2 Rc8 31. Na3 Rcd8 32. Nc4 Ndc5 33. Nf6 Nd7 34. Nd5 Ndc5 35. Kc1 Nd7 36. Kb2 Ndc5 37. Nd2 Nd7 38. Nf3 Ndc5 39. h4 Rd7 40. Nh2 Rh8 41. Rf6 Rh7 42. R1f2 Rh8 43. Nf1 Rf8 44. Ng3 Rb8 45. Kc3 c6 46. d4 Na6 47. Kd2 cxd5 48. exd5 Nec7 49. c4 exd4 50. exd4 Re8 51. R2f4 Nb8 52. Rf1 Ree7 53. Kd3 Ne8 54. R6f3 f5 55. Ne2 Nc7 56. Nf4 Kf6 57. Rg3 Rg7 58. Rg5 Rde7 59. Nxh5+ Kf7 60. Nxg7 Kxg7 61. h5 Kh6 62. Rxg6+ Kxh5 63. Rxd6 Nd7 64. Rxf5+ Kg4 65. Rf3 Ne8 66. Rg6+ Kh5 67. Rg8 Ng7 68. Rg3 Kh6 69. Rh3+ Kg6 70. Rg3+ Kh7 71. Ra8 Nf6 72. Rh3+ Kg6 73. Rg3+ Kf7 74. Rb8 Nf5 75. Rf3 Nh4 76. Rf2 Kg7 77. Rxb6 Ng4 78. Re2 Rf7 79. c5 Ng6 80. Kc4 Nf4 81. Re8 Nxd5 82. Kxd5 Nf6+ 83. Rxf6 Kxf6 84. c6 1-0

[Event "Rilton Cup 47th"]
[Site "Stockholm"]
[Date "2018.01.02"]
[Round "6"]
[White "Tikkanen, Hans"]
[Black "Larson, Matthew W"]
[Result "1/2-1/2"]
[WhiteElo "2515"]
[BlackElo "2382"]
[PlyCount "71"]
[EventDate "2017.12.27"]
[EventType "swiss"]
[EventRounds "9"]
[EventCountry "SWE"]
[SourceTitle "CBM 182 Extra"]
[Source "ChessBase"]
[SourceDate "2018.02.23"]
[SourceVersion "1"]
[SourceVersionDate "2018.02.23"]
[SourceQuality "1"]

1. d4 d5 2. Nf3 Nf6 3. e3 c6 4. c4 Bg4 5. cxd5 Bxf3 6. Qxf3 cxd5 7. Bd3 Nc6 8. Nc3 e6 9. 0-0 Bd6 10. Qh3 h5 11. Bd2 Rc8 12. Rac1 0-0 13. f4 g6 14. Qf3 Kg7 15. Be1 Na5 16. h3 Be7 17. g4 hxg4 18. hxg4 Nc4 19. g5 Nd7 20. Rc2 Rh8 21. Rff2 Ndb6 22. a4 Qd7 23. e4 e5 24. fxe5 Bxg5 25. exd5 Ne3 26. Ne4 Nxc2 27. Nxg5 Nxd5 28. Bxc2 Rh5 29. Qg3 Rxc2 30. Rxf7+ Qxf7 31. Nxf7 Kxf7 32. Qb3 Rg5+ 33. Kh1 Rh5+ 34. Kg1 Rg5+ 35. Kh1 Rh5+ 36. Kg1 1/2-1/2

[Event "Rilton Cup 47th"]
[Site "Stockholm"]
[Date "2017.12.28"]
[Round "2"]
[White "Alekseenko, Kirill"]
[Black "Larson, Matthew W"]
[Result "1-0"]
[WhiteElo "2590"]
[BlackElo "2382"]
[PlyCount "75"]
[EventDate "2017.12.27"]
[EventType "swiss"]
[EventRounds "9"]
[EventCountry "SWE"]
[SourceTitle "CBM 182 Extra"]
[Source "ChessBase"]
[SourceDate "2018.02.23"]
[SourceVersion "1"]
[SourceVersionDate "2018.02.23"]
[SourceQuality "1"]

1. e4 c5 2. Nf3 d6 3. d4 cxd4 4. Nxd4 Nf6 5. Nc3 a6 6. Nb3 g6 7. Be2 Bg7 8. g4 Nfd7 9. Be3 Nc6 10. Qd2 Nde5 11. Nd5 0-0 12. Bb6 Qd7 13. h3 f5 14. f4 Nf7 15. gxf5 gxf5 16. Rg1 Kh8 17. 0-0-0 e5 18. exf5 Qxf5 19. Bg4 Qe4 20. Rde1 Qa4 21. f5 Nd4 22. Kb1 Bh6 23. Qd3 Nxb3 24. axb3 Qc6 25. Bf2 b5 26. Nb6 Rb8 27. Bf3 Qc7 28. Nxc8 Rbxc8 29. Bh4 Nd8 30. Bd5 Nc6 31. Rg4 e4 32. Qxe4 Ne5 33. Rg2 Rce8 34. Reg1 Bg7 35. Rxg7 Qxg7 36. Rxg7 Kxg7 37. f6+ Kh8 38. f7 1-0

[Event "Rilton Cup 47th"]
[Site "Stockholm"]
[Date "2017.12.27"]
[Round "1"]
[White "Larson, Matthew W"]
[Black "Can, Melih Kaan"]
[Result "1-0"]
[WhiteElo "2382"]
[BlackElo "2168"]
[PlyCount "115"]
[EventDate "2017.12.27"]
[EventType "swiss"]
[EventRounds "9"]
[EventCountry "SWE"]
[SourceTitle "CBM 182 Extra"]
[Source "ChessBase"]
[SourceDate "2018.02.23"]
[SourceVersion "1"]
[SourceVersionDate "2018.02.23"]
[SourceQuality "1"]

1. d4 d5 2. c4 c6 3. Nf3 Nf6 4. Nc3 a6 5. e3 b5 6. b3 g6 7. h3 Bg7 8. Bd3 Bb7 9. Bb2 Nbd7 10. 0-0 0-0 11. Qe2 e6 12. Rac1 dxc4 13. bxc4 b4 14. Nb1 c5 15. Nbd2 a5 16. Rfd1 Qe7 17. Bb1 Rfd8 18. e4 cxd4 19. e5 Nh5 20. Bxd4 Nf4 21. Qe1 Nc5 22. Ne4 Nxe4 23. Bxe4 Bh6 24. Bb6 Nd3 25. Bxd8 Rxd8 26. Rxd3 Rxd3 27. Bxd3 Bxf3 28. Rb1 Qg5 29. Bf1 Bc6 30. Rd1 Bg7 31. Rd6 Ba4 32. Qe4 Bxe5 33. Qa8+ Kg7 34. Rd8 Kh6 35. g4 Bf6 36. Rg8 Bg7 37. Qf3 f5 38. Ra8 Bc2 39. Rxa5 Bd4 40. Qg3 Qf6 41. Ra6 Be4 42. Qf4+ Kg7 43. Qd6 Kh6 44. Qxb4 Bxf2+ 45. Kxf2 Qd4+ 46. Ke1 Qe3+ 47. Kd1 Bf3+ 48. Kc2 Be4+ 49. Kb2 Qf2+ 50. Ka3 Qg3+ 51. Qb3 Qh4 52. Qe3+ Kg7 53. Rxe6 Qd8 54. Ra6 Qd1 55. Ra7+ Kg8 56. c5 Kf8 57. Qh6+ Ke8 58. Bb5+ 1-0

[Event "Titled Tuesday intern op 12th Dec"]
[Site "Chess.com INT"]
[Date "2017.12.12"]
[Round "3"]
[White "Larson, Matthew W"]
[Black "Mareco, Sandro"]
[Result "1-0"]
[WhiteElo "2382"]
[BlackElo "2633"]
[PlyCount "139"]
[EventDate "2017.12.12"]
[EventType "swiss (blitz)"]
[EventRounds "10"]
[EventCountry "USA"]
[SourceTitle "EXT 2021"]
[Source "ChessBase"]
[SourceDate "2020.10.23"]
[SourceVersion "1"]
[SourceVersionDate "2020.10.23"]
[SourceQuality "1"]

1. e4 c6 2. d4 d5 3. e5 Bf5 4. g4 Bg6 5. e6 Qd6 6. exf7+ Bxf7 7. f4 Nf6 8. Nc3 g6 9. Bh3 Bg7 10. Nf3 Nbd7 11. Ne5 0-0 12. g5 Be6 13. gxf6 exf6 14. Nxd7 Qxd7 15. Bxe6+ Qxe6+ 16. Kf2 Rae8 17. Qd3 Qg4 18. Bd2 f5 19. h3 Qh5 20. Rae1 Bf6 21. Kg2 Bh4 22. Rxe8 Rxe8 23. Qf3 Qh6 24. Be3 Qg7 25. Bf2 Bf6 26. Ne2 Qc7 27. c3 Qa5 28. Nc1 Qb5 29. b3 Qa5 30. Re1 Re4 31. Re2 h5 32. Bg3 Kg7 33. Qd3 Qa3 34. Qc2 c5 35. dxc5 Qxc5 36. Nd3 Qxc3 37. Qxc3 Bxc3 38. Rc2 d4 39. Bf2 b6 40. Kf3 Re7 41. Re2 Rc7 42. Ne5 Ba1 43. Rd2 Kf6 44. Bxd4 Bxd4 45. Rxd4 Rc3+ 46. Rd3 Rc2 47. a4 Rb2 48. Rd6+ Ke7 49. Rxg6 Rxb3+ 50. Kg2 Ra3 51. Rg7+ Ke6 52. Rxa7 Kd5 53. Ng6 b5 54. Rd7+ Kc6 55. Ne5+ Kc5 56. axb5 Kxb5 57. Rd5+ Kb4 58. Nc6+ Kc4 59. Rxf5 h4 60. Ne5+ Kd5 61. Ng6+ Ke6 62. Nxh4 Ra2+ 63. Kg3 Ra3+ 64. Kg4 Ra1 65. Nf3 Ra8 66. Rg5 Rh8 67. h4 Kf6 68. h5 Rh7 69. Rg6+ Kf7 70. Ng5+ 1-0

[Event "Titled Tuesday intern op 2nd Dec"]
[Site "Chess.com INT"]
[Date "2017.12.05"]
[Round "4"]
[White "Grigorov, Grigor"]
[Black "Larson, Matthew W"]
[Result "1/2-1/2"]
[WhiteElo "2514"]
[BlackElo "2382"]
[PlyCount "165"]
[EventDate "2017.12.05"]
[EventType "swiss (blitz)"]
[EventRounds "10"]
[EventCountry "USA"]
[SourceTitle "EXT 2021"]
[Source "ChessBase"]
[SourceDate "2020.10.23"]
[SourceVersion "1"]
[SourceVersionDate "2020.10.23"]
[SourceQuality "1"]

1. d4 d5 2. c4 e6 3. Nc3 Nf6 4. cxd5 exd5 5. Bg5 c6 6. e3 Be7 7. Qc2 Nbd7 8. Bd3 h6 9. Bh4 Nh5 10. Bxe7 Qxe7 11. Nge2 Nb6 12. 0-0 0-0 13. Rae1 Bd7 14. Qd2 Rae8 15. b3 Nc8 16. Ng3 Nxg3 17. hxg3 Nd6 18. f3 Qg5 19. Kf2 Re7 20. Ne2 Bf5 21. Nf4 Bxd3 22. Qxd3 Nf5 23. g4 Qh4+ 24. Kg1 Ng3 25. Nh3 Nxf1 26. Qxf1 Rfe8 27. Qf2 Qxf2+ 28. Kxf2 a5 29. Nf4 f6 30. Nd3 Kf7 31. Nc5 b6 32. Nd3 Ke6 33. Nf4+ Kd6 34. Ng6 Rc7 35. Nh4 c5 36. Rd1 cxd4 37. Nf5+ Ke5 38. Nxd4 g6 39. f4+ Kd6 40. Nb5+ Kc6 41. Nxc7 Kxc7 42. Rxd5 a4 43. bxa4 Re4 44. Rd4 Re6 45. Ke2 Rc6 46. Kd2 Rc5 47. Kd3 Ra5 48. e4 h5 49. gxh5 Rxh5 50. Ke3 Rh1 51. Rd2 Re1+ 52. Kf3 Rc1 53. e5 fxe5 54. fxe5 Rc4 55. Rd6 g5 56. Rg6 Rxa4 57. Rxg5 Rxa2 58. Ke4 b5 59. Rg7+ Kc6 60. g4 b4 61. Rg8 Kc7 62. Rg7+ Kc6 63. Rg6+ Kc7 64. Kd5 Rc2 65. Rg7+ Kb6 66. Rg8 Kb7 67. Rf8 b3 68. Rf1 b2 69. Rb1 Rg2 70. Ke6 Kc7 71. Kf5 Kd7 72. g5 Ke7 73. Kg6 Ke6 74. Re1 Rc2 75. Rb1 Kxe5 76. Kg7 Kd4 77. g6 Kc3 78. Kg8 Rc1 79. Rxb2 Kxb2 80. g7 Rc8+ 81. Kh7 Rc7 82. Kh8 Rxg7 83. Kxg7 1/2-1/2

[Event "Saint Louis IM"]
[Site "Saint Louis"]
[Date "2017.11.21"]
[Round "8"]
[White "Larson, Matthew W"]
[Black "Foisor, Sabina Francesca"]
[Result "1/2-1/2"]
[WhiteElo "2392"]
[BlackElo "2369"]
[PlyCount "125"]
[EventDate "2017.11.17"]
[EventType "tourn"]
[EventRounds "9"]
[EventCountry "USA"]
[EventCategory "4"]
[SourceTitle "CBM 181 Extra"]
[Source "ChessBase"]
[SourceDate "2017.12.12"]
[SourceVersion "1"]
[SourceVersionDate "2017.12.12"]
[SourceQuality "1"]

1. d4 d5 2. c4 e6 3. Nc3 Nf6 4. cxd5 exd5 5. Bg5 Nbd7 6. e3 Be7 7. Bd3 c6 8. Nge2 h6 9. Bh4 Ne4 10. Bxe7 Qxe7 11. Bxe4 dxe4 12. Ng3 0-0 13. Ngxe4 f5 14. Nd2 f4 15. e4 Nf6 16. e5 Bf5 17. 0-0 Ne8 18. h3 Rd8 19. Nf3 Nc7 20. Qb3+ Nd5 21. Rfe1 Kh8 22. Ne4 Nb6 23. Nc5 g5 24. e6 Rd5 25. Re5 g4 26. Rxd5 cxd5 27. hxg4 Bxg4 28. Ne5 Qg7 29. Qd3 Bf5 30. Qf3 Rf6 31. Re1 Bxe6 32. Nxe6 Rxe6 33. Qxf4 Rf6 34. Qh4 Qg5 35. Qxg5 hxg5 36. Rc1 Nc4 37. Nd3 b6 38. b3 Nd6 39. Rc7 Nb5 40. Rd7 Rd6 41. Rb7 a5 42. Ne5 Kg8 43. Nf3 g4 44. Ne5 Nxd4 45. Nxg4 Ne2+ 46. Kf1 Nc1 47. Rd7 Rxd7 48. Nf6+ Kg7 49. Nxd7 b5 50. Nc5 Nxa2 51. Ke2 Kf6 52. f4 a4 53. bxa4 Nc3+ 54. Kd3 Nxa4 55. Nb3 Kf5 56. g3 Nb2+ 57. Kd4 Nc4 58. Kxd5 Ne3+ 59. Kc5 Kg4 60. Nd4 Kxg3 61. Ne6 Kg4 62. Kd4 Ng2 63. Kc5 1/2-1/2

[Event "Saint Louis IM"]
[Site "Saint Louis"]
[Date "2017.11.19"]
[Round "4"]
[White "Larson, Matthew W"]
[Black "Torres Rosas, Luis Carlos"]
[Result "1/2-1/2"]
[WhiteElo "2392"]
[BlackElo "2353"]
[PlyCount "57"]
[EventDate "2017.11.17"]
[EventType "tourn"]
[EventRounds "9"]
[EventCountry "USA"]
[EventCategory "4"]
[SourceTitle "CBM 181 Extra"]
[Source "ChessBase"]
[SourceDate "2017.12.12"]
[SourceVersion "1"]
[SourceVersionDate "2017.12.12"]
[SourceQuality "1"]

1. d4 Nf6 2. c4 g6 3. Nc3 Bg7 4. e4 d6 5. Be2 0-0 6. Nf3 e5 7. 0-0 exd4 8. Nxd4 Re8 9. f3 c6 10. Kh1 Nbd7 11. Bf4 Nh5 12. Be3 f5 13. g3 Nc5 14. Nb3 fxe4 15. Nxc5 exf3 16. Rxf3 Bxc3 17. bxc3 Bg4 18. Rf1 dxc5 19. Bxg4 Rxe3 20. Bxh5 gxh5 21. Qxh5 Qe7 22. Rad1 Re8 23. Rd2 Re1 24. Rdf2 Rxf1+ 25. Rxf1 Qe4+ 26. Kg1 Qe3+ 27. Kh1 Qe4+ 28. Kg1 Qe3+ 29. Kh1 1/2-1/2

[Event "Titled Tuesday intern op 17th April"]
[Site "Chess.com INT"]
[Date "2017.11.07"]
[Round "1"]
[White "Savchenko, Boris"]
[Black "Larson, Matthew W"]
[Result "1-0"]
[WhiteElo "2585"]
[BlackElo "2392"]
[PlyCount "85"]
[EventDate "2017.04.17"]
[EventType "swiss (blitz)"]
[EventRounds "10"]
[EventCountry "USA"]
[SourceTitle "EXT 2021"]
[Source "ChessBase"]
[SourceDate "2020.10.23"]
[SourceVersion "1"]
[SourceVersionDate "2020.10.23"]
[SourceQuality "1"]

1. e4 e5 2. Nf3 Nc6 3. Bc4 Nf6 4. d3 Bc5 5. c3 0-0 6. Bb3 a6 7. Nbd2 d6 8. h3 h6 9. Qe2 Re8 10. Nf1 d5 11. Ng3 Be6 12. 0-0 Qd7 13. Nh4 Rad8 14. Rd1 Bf8 15. Qf3 Nh7 16. Nhf5 Na5 17. Bc2 c5 18. exd5 Bxd5 19. Ne4 Qc6 20. b3 b5 21. Bb2 c4 22. dxc4 bxc4 23. b4 Nb7 24. Ne3 Rd7 25. Nxd5 Rxd5 26. Rxd5 Qxd5 27. Rd1 Qe6 28. Ba4 Rd8 29. Rxd8 Nxd8 30. Qd1 Nb7 31. Qd7 Qxd7 32. Bxd7 a5 33. Bc8 Nd6 34. Nxd6 Bxd6 35. bxa5 Bc5 36. a6 Nf6 37. Ba3 Ba7 38. Bb7 e4 39. Kf1 e3 40. fxe3 Bxe3 41. Ke2 Ba7 42. Bc1 Kf8 43. Be3 1-0

[Event "Titled Tuesday intern op 3rd Oct"]
[Site "Chess.com INT"]
[Date "2017.10.03"]
[Round "4"]
[White "Larson, Matthew W"]
[Black "Galchenko, Matvey"]
[Result "1-0"]
[WhiteElo "2392"]
[BlackElo "2340"]
[PlyCount "53"]
[EventDate "2017.10.03"]
[EventType "swiss (blitz)"]
[EventRounds "10"]
[EventCountry "USA"]
[SourceTitle "EXT 2021"]
[Source "ChessBase"]
[SourceDate "2020.10.23"]
[SourceVersion "1"]
[SourceVersionDate "2020.10.23"]
[SourceQuality "1"]

1. e4 e6 2. d4 d5 3. exd5 exd5 4. Nf3 Bd6 5. c4 c6 6. Nc3 Ne7 7. Bd3 dxc4 8. Bxc4 0-0 9. 0-0 Nd7 10. Bg5 h6 11. Bh4 Qc7 12. Bg3 Nf5 13. Re1 Nf6 14. Ne5 Nxg3 15. hxg3 b5 16. Bb3 a5 17. Rc1 Qb6 18. Qf3 Bb7 19. Ne4 Nxe4 20. Bxf7+ Rxf7 21. Qxf7+ Kh8 22. Rxe4 Rd8 23. Rg4 Rg8 24. Ng6+ Kh7 25. Qf5 Re8 26. Ne5+ Kh8 27. Nf7+ 1-0

[Event "Titled Tuesday intern op 3rd Oct"]
[Site "Chess.com INT"]
[Date "2017.10.03"]
[Round "7"]
[White "Shagbazyan, Taron"]
[Black "Larson, Matthew W"]
[Result "1-0"]
[WhiteElo "2421"]
[BlackElo "2392"]
[PlyCount "55"]
[EventDate "2017.10.03"]
[EventType "swiss (blitz)"]
[EventRounds "10"]
[EventCountry "USA"]
[SourceTitle "EXT 2021"]
[Source "ChessBase"]
[SourceDate "2020.10.23"]
[SourceVersion "1"]
[SourceVersionDate "2020.10.23"]
[SourceQuality "1"]

1. d4 Nf6 2. c4 g6 3. Nc3 Bg7 4. g3 0-0 5. Bg2 d6 6. e3 e5 7. Nge2 c6 8. 0-0 Re8 9. b3 Bf5 10. d5 cxd5 11. Nxd5 Nxd5 12. Qxd5 Nc6 13. Ba3 Bf8 14. Rad1 Bg4 15. Rfe1 Qf6 16. h3 Bf5 17. Nc3 Red8 18. g4 Be6 19. Qb5 Rd7 20. Bxc6 bxc6 21. Qxc6 Rad8 22. Qg2 Qh4 23. Nd5 h5 24. e4 hxg4 25. hxg4 Bg7 26. f3 Bh6 27. Bc1 Kg7 28. g5 1-0

[Event "Titled Tuesday intern op 5th Sept"]
[Site "Chess.com INT"]
[Date "2017.09.05"]
[Round "2"]
[White "Larson, Matthew W"]
[Black "Itkin, David"]
[Result "1-0"]
[WhiteElo "2392"]
[BlackElo "2243"]
[PlyCount "113"]
[EventDate "2017.09.05"]
[EventType "swiss (blitz)"]
[EventRounds "10"]
[EventCountry "USA"]
[SourceTitle "EXT 2021"]
[Source "ChessBase"]
[SourceDate "2020.10.23"]
[SourceVersion "1"]
[SourceVersionDate "2020.10.23"]
[SourceQuality "1"]

1. e4 c5 2. Nf3 d6 3. d4 Nf6 4. Nc3 cxd4 5. Nxd4 Nc6 6. f3 e5 7. Nb3 Be7 8. Be3 Be6 9. Qe2 d5 10. exd5 Nxd5 11. 0-0-0 Rc8 12. Nxd5 Bxd5 13. Qb5 Bg5 14. f4 exf4 15. Rxd5 Qe7 16. Bd2 Bh6 17. Qc5 0-0 18. Qxe7 Nxe7 19. Rd7 Nf5 20. Bd3 Ne3 21. g3 f3 22. Bxe3 Bxe3+ 23. Kd1 f5 24. Rf1 f2 25. Ke2 Rce8 26. Bc4+ Kh8 27. Rf7 Rxf7 28. Bxf7 Re7 29. Kf3 g6 30. c3 Kg7 31. Bc4 Kf6 32. Nd4 g5 33. Nc2 Bb6 34. Nd4 Re1 35. Kxf2 Re7 36. Re1 Rd7 37. Re6+ Kg7 38. Ke3 f4+ 39. gxf4 gxf4+ 40. Kxf4 Bxd4 41. cxd4 Rxd4+ 42. Re4 Rd2 43. b4 Rxh2 44. Kg3 Rc2 45. Bb3 Rc3+ 46. Kg4 Rc7 47. Re6 a6 48. Kg5 Rd7 49. Rb6 Rc7 50. Bd5 Rd7 51. Rxb7 h6+ 52. Kh5 Rxb7 53. Bxb7 Kf6 54. Bxa6 Ke6 55. a4 Kd6 56. b5 Kc5 57. a5 1-0

[Event "Titled Tuesday intern op 5th Sept"]
[Site "Chess.com INT"]
[Date "2017.09.05"]
[Round "3"]
[White "Larson, Matthew W"]
[Black "Sochacki, Wojtek"]
[Result "1/2-1/2"]
[WhiteElo "2392"]
[BlackElo "2332"]
[PlyCount "170"]
[EventDate "2017.09.05"]
[EventType "swiss (blitz)"]
[EventRounds "10"]
[EventCountry "USA"]
[SourceTitle "EXT 2021"]
[Source "ChessBase"]
[SourceDate "2020.10.23"]
[SourceVersion "1"]
[SourceVersionDate "2020.10.23"]
[SourceQuality "1"]

1. e4 e6 2. d4 d5 3. Nd2 Be7 4. Ngf3 Nf6 5. e5 Nfd7 6. Bd3 c5 7. c3 Nc6 8. 0-0 h5 9. Re1 g5 10. dxc5 Nxc5 11. Bb5 Nd7 12. c4 a6 13. cxd5 axb5 14. dxc6 bxc6 15. Nd4 Nxe5 16. N2b3 Bd6 17. f4 gxf4 18. Bxf4 Ng4 19. Nxe6 Qb6+ 20. Qd4 Qxd4+ 21. Nexd4+ Kd7 22. Nf5 Bxf4 23. Re7+ Kd8 24. Rd1+ Bd7 25. Rdxd7+ Kc8 26. Rxf7 Rxa2 27. g3 Bb8 28. Rd2 Ba7+ 29. Kg2 Ne5 30. Nd6+ Kb8 31. Rf5 Nc4 32. Nxc4 bxc4 33. Na5 c3 34. Nxc6+ Kc7 35. Rc2 Rxb2 36. Rxb2 cxb2 37. Rb5 Kxc6 38. Rxb2 Rf8 39. Re2 Kd5 40. Re7 Bd4 41. Kh3 Bf6 42. Re2 Be5 43. Kh4 Rf5 44. Kh3 Ke6 45. g4 Rf3+ 46. Kh4 Rf4 47. Kxh5 Kf6 48. h4 Ra4 49. g5+ Kf5 50. Rf2+ Bf4 51. Kh6 Ra6+ 52. Kg7 Ra7+ 53. Kf8 Kg4 54. g6 Bh6+ 55. Ke8 Kh5 56. Rf6 Bg7 57. Re6 Kh6 58. Rd6 Ra8+ 59. Kf7 Ra7+ 60. Ke8 Ra8+ 61. Kf7 Rf8+ 62. Ke7 Rf5 63. Re6 Rh5 64. Kf7 Rxh4 65. Ke8 Rf4 66. Ke7 Rf5 67. Ke8 Bf6 68. Kf7 Bg7+ 69. Ke8 Kg5 70. Ke7 Kh5 71. Ke8 Kh6 72. Ke7 Ra5 73. Ke8 Ra8+ 74. Ke7 Ra7+ 75. Ke8 Bd4 76. Kf8 Bc5+ 77. Ke8 Kg7 78. Rc6 Bd4 79. Re6 Bf6 80. Rd6 Kxg6 81. Rc6 Re7+ 82. Kd8 Kf7 83. Rc7 Kf8 84. Rxe7 Bg5 85. Kd7 Bxe7 1/2-1/2

[Event "Titled Tuesday intern Qual3 18th April"]
[Site "Chess.com INT"]
[Date "2017.04.18"]
[Round "3"]
[White "Grebeniuk, Semen"]
[Black "Larson, Matthew W"]
[Result "1/2-1/2"]
[WhiteElo "2254"]
[BlackElo "2367"]
[PlyCount "106"]
[EventDate "2017.04.18"]
[EventType "swiss (blitz)"]
[EventRounds "10"]
[EventCountry "USA"]
[SourceTitle "EXT 2021"]
[Source "ChessBase"]
[SourceDate "2020.10.23"]
[SourceVersion "1"]
[SourceVersionDate "2020.10.23"]
[SourceQuality "1"]

1. d4 Nf6 2. Nf3 g6 3. Bg5 Bg7 4. Nbd2 0-0 5. c3 d6 6. e4 c5 7. dxc5 dxc5 8. Qc2 Nc6 9. Bb5 Qc7 10. a4 Be6 11. 0-0 Rfd8 12. Rfe1 b6 13. Bh4 Nh5 14. Bxc6 Qxc6 15. Bxe7 Rd7 16. Bh4 Nf4 17. Red1 h6 18. Nf1 g5 19. Bg3 Rad8 20. Rxd7 Qxd7 21. a5 b5 22. Ne3 a6 23. Rd1 Nd3 24. Ne5 Bxe5 25. Bxe5 c4 26. Bf6 Rc8 27. b4 Qb7 28. f3 Qa7 29. Bd4 Qe7 30. Rxd3 cxd3 31. Qxd3 Qd6 32. g3 Rd8 33. Kf2 f6 34. Qe2 Kf7 35. Ng2 Qc6 36. h4 Re8 37. h5 Bc4 38. Qd2 f5 39. e5 Bd5 40. Qe3 Qe6 41. Ne1 Rc8 42. Nd3 Kg8 43. Nc5 Qf7 44. e6 Qxh5 45. Qe5 Qxf3+ 46. Ke1 Qh1+ 47. Kd2 Qg2+ 48. Ke1 Qh1+ 49. Ke2 Qf3+ 50. Kd2 Qg2+ 51. Kc1 Qh1+ 52. Kd2 Qg2+ 53. Ke1 Qh1+ 1/2-1/2

[Event "Titled Tuesday intern Qual3 18th April"]
[Site "Chess.com INT"]
[Date "2017.04.18"]
[Round "2"]
[White "Larson, Matthew W"]
[Black "Wu, Rochelle"]
[Result "1-0"]
[WhiteElo "2367"]
[BlackElo "1965"]
[PlyCount "39"]
[EventDate "2017.04.18"]
[EventType "swiss (blitz)"]
[EventRounds "10"]
[EventCountry "USA"]
[SourceTitle "EXT 2021"]
[Source "ChessBase"]
[SourceDate "2020.10.23"]
[SourceVersion "1"]
[SourceVersionDate "2020.10.23"]
[SourceQuality "1"]

1. e4 c5 2. Nf3 d6 3. Bb5+ Bd7 4. Bxd7+ Qxd7 5. 0-0 Nc6 6. Qe2 g6 7. Rd1 Bg7 8. c3 e6 9. d4 cxd4 10. cxd4 Nge7 11. Nc3 0-0 12. d5 exd5 13. Nxd5 Nxd5 14. Rxd5 Rad8 15. Bg5 Rde8 16. Re1 Qe6 17. Qd2 h6 18. Bxh6 Bxh6 19. Qxh6 Ne7 20. Ng5 1-0